| 000 | 00388pab a2200145 454500 | ||
|---|---|---|---|
| 008 | 180718b2000 xxu||||| |||| 00| 0 eng d | ||
| 100 | _aHendry, John | ||
| 245 | _aStrategic decision making, discourse, and strategy as social practice | ||
| 260 | _c2000 | ||
| 300 | _ap.955-77 | ||
| 362 | _aNov | ||
| 650 | _aDecision making | ||
| 773 | _aJournal of Management Studies | ||
| 909 | _a47471 | ||
| 999 |
_c47471 _d47471 |
||